Magnitnyje elementy pamiati /
Uložené v:
| Ďalší autori: | |
|---|---|
| Médium: | Kniha |
| Jazyk: | Slovak Russian |
| Vydané: |
Moskva :
Nauka,
1972.
|
| Fyzický popis: |
174 strán. |
| Tagy: |
Pridať tag
Žiadne tagy, Buďte prvý kto otaguje tento záznam!
|
Titul je dostupný aj v ... 

MARC
| LEADER | 00000nam a22000002i 4500 | ||
|---|---|---|---|
| 001 | 000747752 | ||
| 005 | 20260311140857.0 | ||
| 008 | 260311s1972 xo e 000 0 slo d | ||
| FMT | |||
| 020 | |c Kčs 15,50 |q (viazané) | ||
| 040 | |a SVKKK |b slo |c SVKKK |e rda | ||
| 041 | 0 | |a rus | |
| 044 | |a ru |c RU | ||
| 245 | 0 | 0 | |a Magnitnyje elementy pamiati / |c otvetstvennyj redaktor Moisej Aronovič Rozenblat. |
| 264 | 1 | |a Moskva : |b Nauka, |c 1972. | |
| 300 | |a 174 strán. | ||
| 336 | |a text |b txt |2 rdacontent | ||
| 337 | |a bez média |b n |2 rdamedia | ||
| 338 | |a zväzok |b nc |2 rdacarrier | ||
| 500 | |a Záznam revízie | ||
| 700 | 1 | |a Rozenblat, Moisej Aronovič |4 edt | |
| 910 | |a svkkk | ||
| 998 | |a BK | ||
| OWN | |||
| Z30 | 1 | |l SCK01 |l SCK01 |m BOOK |1 SCKHL |2 SK16 |b Sklad Pribinova 3. posch. |3 V.87096 |6 492677 |q 19730311 |5 2721282112 |4 Zastaraná |8 20260311 |f 30 |s Návrh na vyradenie |z 0.51 |t 00000000 |u 0000 |w 000747752 |x 000010 | |
| 090 | |g SCKHL |k Sklad Pribinova 3. posch. |a V.87096 |j 492677 |i 2721282112 |4 Zastaraná |s Návrh na vyradenie | ||